Retrouvez les titres de ces films dans leurs versions québecoise - Statistiques

Statistiques générales
  • Ce quiz a été pris 72 fois
  • Le résultat moyen est 7 sur 20
Statistiques - réponses
Titres quebecois Titre original % Correct
Les Bagnoles Cars
97%
Fiction Pulpeuse Pulp Fiction
85%
Film de Peur Scary movie
85%
Hommes en noir Men In Black
77%
Une jolie femme Pretty Woman
56%
Le commando des bâtards Inglourious Basterd
50%
Le pouilleux millionaire Slumdog Millionaire
42%
La Légende du gros poisson Big Fish
39%
Bételgeuse Beetlejuice
34%
Drôles de jeux Funny Games
31%
Les Yeux grand fermés Eyes wide shut
24%
Supermalades Superbad
16%
Marche ou crève Die Hard
15%
Comme un taureau sauvage Raging Bull
11%
Décadence Saw
10%
Du soleil plein la tête Eternal Sunshine Of the spotless mind
8%
Clanches! Speed
8%
Ferrovipathes Trainspotting
6%
Génération X-trême American History X
5%
Sang-froid Drive
0%
Aucun quiz correspondant
Distribution des résultats
% des personnes avec chaque résultat
Percentile par nombre de réponses
Votre historique - résultats
Vous n’avez pas pris ce quiz